000 00385nam a2200145Ia 4500
008 240624s9999 xx 000 0 und d
041 _aeng
082 _a658.4058 KOB
100 _aKOBAYASHI HILLARY MARK
245 _aOUTSOURCING TO INDIA THE OFFSHORE ADVANT
250 _a(2nd ed.)
260 _c2005
_aNew Delhi
_bSpringer
300 _axxi, : 320 : p. : cm. ; 24
365 _cRS
_b25
999 _c4334
_d4334